| 000 | 00736nam a2200205Ia 4500 | ||
|---|---|---|---|
| 008 | 0000001986 sp a 0000000000spa00 | ||
| 090 | _aPSP00 M65m | ||
| 100 | 1 |
_aMompó _d1927 |
|
| 245 | 1 | 0 |
_aMompó _b: los colores del blanco, pinturas y esculturas |
| 300 |
_a[20] p. _c/ 21 cm. |
||
| 500 | _aExposición realizada en Galería Theo, Madrid, Abril Mayo, 1986 \ Con el patronazgo del maestro venezolano Jesús Rafael Soto (q.e.p.d.) | ||
| 600 | 0 | 0 |
_aMOMPO, 1927/ _xTRABAJOS PICTORICOS |
| 650 | 1 | 4 | _aARTE CONTEMPORANEO ESPAÑOL |
| 650 | 1 | 4 | _xCATALOGOS |
| 650 | 1 | 4 | _aESCULTURA ESPAÑOLA |
| 650 | 1 | 4 | _xEXPOSICIONES |
| 650 | 1 | 4 | _aPINTORES ESPAÑOLES |
| 650 | 1 | 4 | _aPINTURA ESPAÑOLA |
| 999 |
_c6299 _d6299 |
||
| 260 |
_aMadrid : Theo _c1986 |
||